[Event "U12 Blitz"]
[Site "austriaU12b"]
[Date "2020.12.11"]
[Round "2"]
[White "Roehrer Moritz"]
[Black "Blitzpotz"]
[Result "1-0"]
[WhiteElo "1615"]
[BlackElo "1620"]
[Annotator "NA RC"]
[PlyCount "53"]
[EventDate "2020.12.11"]
[EventType "blitz"]

1. e4 {[%emt 0:00:03]} e5 {[%emt 0:00:08]} 2. Nf3 {[%emt 0:00:02]} Nc6 {[%emt 0:00:02]} 3. Bb5 {[%emt 0:00:02]} Bc5 {[%emt 0:00:03]} 4. c3 {[%emt 0:00:03]} Nf6 {[%emt 0:00:04]} 5. O-O {[%emt 0:00:16]} O-O {[%emt 0:00:05]} 6. d4 {[%emt 0:00:03]} exd4 {[%emt 0:00:03]} 7. cxd4 {[%emt 0:00:02]} Bb6 {[%emt 0:00:03]} 8. Nc3 {[%emt 0:00:02]} Re8 {[%emt 0:00:03]} 9. e5 {[%emt 0:00:06]} Ne4 {[%emt 0:00:11]} 10. Nxe4 {[%emt 0:00:07]} d6 {[%emt 0:00:03]} 11. Bxc6 {[%emt 0:00:04]} bxc6 {[%emt 0:00:03]} 12. Nc3 {[%emt 0:00:01]} dxe5 {[%emt 0:00:02]} 13. Nxe5 {[%emt 0:00:04]} Bxd4 {[%emt 0:00:05]} 14. Nxc6 {[%emt 0:00:03]} Bxf2+ {[%emt 0:00:27]} 15. Kxf2 {[%emt 0:00:05]} Qf6+ {[%emt 0:00:04]} 16. Qf3 {[%emt 0:00:03]} Ba6 {[%emt 0:00:19]} 17. Qxf6 {[%emt 0:00:04]} gxf6 {[%emt 0:00:01]} 18. Re1 {[%emt 0:00:03]} Rxe1 {[%emt 0:00:05]} 19. Kxe1 {[%emt 0:00:01]} Re8+ {[%emt 0:00:03]} 20. Kf2 {[%emt 0:00:01]} Re6 {[%emt 0:00:03]} 21. Nd4 {[%emt 0:00:04]} Rd6 {[%emt 0:00:03]} 22. Nf3 {[%emt 0:00:04]} Bb7 {[%emt 0:00:03]} 23. Bf4 {[%emt 0:00:02]} Rc6 {[%emt 0:00:07]} 24. Rd1 {[%emt 0:00:02]} Rc4 {[%emt 0:00:03]} 25. Bh6 {[%emt 0:00:02]} Re4 {[%emt 0:00:33]} 26. Rd8+ {[%emt 0:00:08]} Re8 {[%emt 0:00:02]} 27. Rxe8# {[%emt 0:00:02] Mate Mate} 1-0

[Event "U12 Blitz"]
[Site "austriaU12b"]
[Date "2020.12.11"]
[Round "2"]
[White "BlackKnight158"]
[Black "Maier Tobias"]
[Result "1/2-1/2"]
[WhiteElo "1590"]
[BlackElo "1620"]
[Annotator "NA RC"]
[PlyCount "80"]
[EventDate "2020.12.11"]
[EventType "blitz"]

1. Nf3 {[%emt 0:00:11]} d5 {[%emt 0:00:03]} 2. e3 {[%emt 0:00:03]} Nc6 {[%emt 0:00:02]} 3. c4 {[%emt 0:00:06]} Nf6 {[%emt 0:00:07]} 4. Nc3 {[%emt 0:00:03]} Bg4 {[%emt 0:00:05]} 5. d4 {[%emt 0:00:03]} e6 {[%emt 0:00:11]} 6. b3 {[%emt 0:00:04]} Bb4 {[%emt 0:00:05]} 7. Bb2 {[%emt 0:00:01]} Ne4 {[%emt 0:00:04]} 8. Rc1 {[%emt 0:00:16]} Qf6 {[%emt 0:00:39]} 9. Bd3 {[%emt 0:00:18]} Nxc3 {[%emt 0:00:14]} 10. Bxc3 {[%emt 0:00:02]} Bxc3+ {[%emt 0:00:01]} 11. Rxc3 {[%emt 0:00:01]} e5 {[%emt 0:00:06]} 12. Be2 {[%emt 0:00:40]} Bxf3 {[%emt 0:00:34]} 13. Bxf3 {[%emt 0:00:03]} exd4 {[%emt 0:00:02]} 14. exd4 {[%emt 0:00:08]} Qxd4 {[%emt 0:00:09]} 15. Qxd4 {[%emt 0:00:11]} Nxd4 {[%emt 0:00:00]} 16. Bxd5 {[%emt 0:00:03]} O-O {[%emt 0:00:06]} 17. Kd2 {[%emt 0:00:05]} c6 {[%emt 0:00:04]} 18. Bf3 {[%emt 0:00:04]} Rfe8 {[%emt 0:00:04]} 19. Rd1 {[%emt 0:00:12]} Rad8 {[%emt 0:00:05]} 20. Kc1 {[%emt 0:00:21]} Nxf3 {[%emt 0:00:13]} 21. Rxf3 {[%emt 0:00:02]} f6 {[%emt 0:00:06]} 22. Rxd8 {[%emt 0:00:06]} Rxd8 {[%emt 0:00:03]} 23. Kc2 {[%emt 0:00:02]} Kf7 {[%emt 0:00:02]} 24. Re3 {[%emt 0:00:02]} g5 {[%emt 0:00:03]} 25. h3 {[%emt 0:00:04]} h5 {[%emt 0:00:01]} 26. g4 {[%emt 0:00:05]} h4 {[%emt 0:00:06]} 27. f3 {[%emt 0:00:01]} Rd4 {[%emt 0:00:05]} 28. Rd3 {[%emt 0:00:11]} Rxd3 {[%emt 0:00:14]} 29. Kxd3 {[%emt 0:00:02]} Ke6 {[%emt 0:00:01]} 30. Ke4 {[%emt 0:00:01]} b6 {[%emt 0:00:07]} 31. b4 {[%emt 0:00:11]} a6 {[%emt 0:00:06]} 32. c5 {[%emt 0:00:04]} b5 {[%emt 0:00:10]} 33. a3 {[%emt 0:00:02]} f5+ {[%emt 0:00:07]} 34. Kd4 {[%emt 0:00:01]} fxg4 {[%emt 0:00:03]} 35. fxg4 {[%emt 0:00:03]} Kf6 {[%emt 0:00:01]} 36. Kd3 {[%emt 0:00:03]} Ke5 {[%emt 0:00:01]} 37. Ke3 {[%emt 0:00:01]} Kd5 {[%emt 0:00:02]} 38. Kd3 {[%emt 0:00:01]} Ke5 {[%emt 0:00:01]} 39. Ke3 {[%emt 0:00:01]} Kd5 {[%emt 0:00:01]} 40. Kd3 {[%emt 0:00:01]} Ke5 {[%emt 0:00:01] Threefold Rep Threefold Rep} 1/2-1/2

[Event "U12 Blitz"]
[Site "austriaU12b"]
[Date "2020.12.11"]
[Round "2"]
[White "Feroe09"]
[Black "JoniFei"]
[Result "0-1"]
[WhiteElo "1570"]
[BlackElo "1495"]
[Annotator "NA RC"]
[PlyCount "100"]
[EventDate "2020.12.11"]
[EventType "blitz"]

1. e4 {[%emt 0:00:05]} c5 {[%emt 0:00:04]} 2. Nf3 {[%emt 0:00:01]} Nc6 {[%emt 0:00:03]} 3. d4 {[%emt 0:00:01]} cxd4 {[%emt 0:00:05]} 4. Nxd4 {[%emt 0:00:00]} Nf6 {[%emt 0:00:03]} 5. Nc3 {[%emt 0:00:02]} e5 {[%emt 0:00:01]} 6. Nxc6 {[%emt 0:00:03]} bxc6 {[%emt 0:00:02]} 7. Bg5 {[%emt 0:00:01]} Bb4 {[%emt 0:00:05]} 8. Qd2 {[%emt 0:00:05]} h6 {[%emt 0:00:03]} 9. Bh4 {[%emt 0:00:02]} g5 {[%emt 0:00:02]} 10. Bg3 {[%emt 0:00:02]} Nxe4 {[%emt 0:00:02]} 11. Qd3 {[%emt 0:00:05]} Bxc3+ {[%emt 0:00:04]} 12. bxc3 {[%emt 0:00:02]} Nxg3 {[%emt 0:00:01]} 13. Qxg3 {[%emt 0:00:03]} Qf6 {[%emt 0:00:06]} 14. Bd3 {[%emt 0:00:06]} d5 {[%emt 0:00:08]} 15. O-O {[%emt 0:00:05]} Bf5 {[%emt 0:00:16]} 16. Rfe1 {[%emt 0:00:06]} e4 {[%emt 0:00:04]} 17. f3 {[%emt 0:00:03]} Qxc3 {[%emt 0:00:31]} 18. fxe4 {[%emt 0:00:03]} dxe4 {[%emt 0:00:02]} 19. Bxe4 {[%emt 0:00:04]} Qd4+ {[%emt 0:00:03]} 20. Qf2 {[%emt 0:00:09]} Qxf2+ {[%emt 0:00:08]} 21. Kxf2 {[%emt 0:00:02]} Bg6 {[%emt 0:00:05]} 22. Bxg6+ {[%emt 0:00:02]} Kd7 {[%emt 0:00:02]} 23. Bf5+ {[%emt 0:00:02]} Kc7 {[%emt 0:00:02]} 24. Re7+ {[%emt 0:00:03]} Kb6 {[%emt 0:00:02]} 25. Rb1+ {[%emt 0:00:02]} Ka6 {[%emt 0:00:02]} 26. Bd3+ {[%emt 0:00:04]} Ka5 {[%emt 0:00:02]} 27. Re5+ {[%emt 0:00:02]} Ka4 {[%emt 0:00:09]} 28. Re4+ {[%emt 0:00:14]} Ka5 {[%emt 0:00:02]} 29. c3 {[%emt 0:00:06]} Rab8 {[%emt 0:00:02]} 30. Reb4 {[%emt 0:00:14]} Rxb4 {[%emt 0:00:02]} 31. Rxb4 {[%emt 0:00:00]} Rd8 {[%emt 0:00:03]} 32. Ke3 {[%emt 0:00:04]} Re8+ {[%emt 0:00:06]} 33. Kd4 {[%emt 0:00:02]} Rd8+ {[%emt 0:00:02]} 34. Ke4 {[%emt 0:00:02]} f5+ {[%emt 0:00:05]} 35. Kxf5 {[%emt 0:00:02]} Rxd3 {[%emt 0:00:01]} 36. Rb3 {[%emt 0:00:04]} Rd2 {[%emt 0:00:03]} 37. Kg4 {[%emt 0:00:02]} Rxg2+ {[%emt 0:00:02]} 38. Kh3 {[%emt 0:00:01]} Rxa2 {[%emt 0:00:02]} 39. Rb7 {[%emt 0:00:02]} Ka6 {[%emt 0:00:06]} 40. Rh7 {[%emt 0:00:04]} Rc2 {[%emt 0:00:01]} 41. Rxh6 {[%emt 0:00:02]} Rxc3+ {[%emt 0:00:01]} 42. Kg4 {[%emt 0:00:01]} Rc5 {[%emt 0:00:01]} 43. h4 {[%emt 0:00:03]} Rc4+ {[%emt 0:00:05]} 44. Kxg5 {[%emt 0:00:02]} Kb5 {[%emt 0:00:06]} 45. Kf6 {[%emt 0:00:08]} a5 {[%emt 0:00:03]} 46. Rh5+ {[%emt 0:00:02]} Kb4 {[%emt 0:00:01]} 47. Rh8 {[%emt 0:00:04]} a4 {[%emt 0:00:02]} 48. h5 {[%emt 0:00:01]} a3 {[%emt 0:00:01]} 49. h6 {[%emt 0:00:01]} a2 {[%emt 0:00:01]} 50. h7 {[%emt 0:00:03]} a1=Q+ {[%emt 0:00:03] Feroe09 resigns} 0-1

[Event "U12 Blitz"]
[Site "austriaU12b"]
[Date "2020.12.11"]
[Round "2"]
[White "Junglespeed"]
[Black "Marty McFly"]
[Result "1-0"]
[WhiteElo "1561"]
[BlackElo "1660"]
[Annotator "NA RC"]
[PlyCount "115"]
[EventDate "2020.12.11"]
[EventType "blitz"]

1. e4 {[%emt 0:00:10]} e5 {[%emt 0:00:02]} 2. Nf3 {[%emt 0:00:01]} Nc6 {[%emt 0:00:02]} 3. d4 {[%emt 0:00:01]} exd4 {[%emt 0:00:02]} 4. Nxd4 {[%emt 0:00:00]} Nxd4 {[%emt 0:00:01]} 5. Qxd4 {[%emt 0:00:00]} d6 {[%emt 0:00:01]} 6. Nc3 {[%emt 0:00:03]} Nf6 {[%emt 0:00:02]} 7. Bg5 {[%emt 0:00:01]} Be7 {[%emt 0:00:02]} 8. e5 {[%emt 0:00:01]} dxe5 {[%emt 0:00:03]} 9. Qxe5 {[%emt 0:00:06]} h6 {[%emt 0:00:03]} 10. Bxf6 {[%emt 0:00:02]} gxf6 {[%emt 0:00:03]} 11. Qe3 {[%emt 0:00:08]} O-O {[%emt 0:00:04]} 12. Bd3 {[%emt 0:00:06]} Re8 {[%emt 0:00:04]} 13. O-O-O {[%emt 0:00:01]} Bf8 {[%emt 0:00:09]} 14. Bh7+ {[%emt 0:00:02]} Kxh7 {[%emt 0:00:07]} 15. Rxd8 {[%emt 0:00:05]} Rxe3 {[%emt 0:00:03]} 16. fxe3 {[%emt 0:00:02]} Bd6 {[%emt 0:00:02]} 17. Ne4 {[%emt 0:00:02]} Be7 {[%emt 0:00:10]} 18. Re8 {[%emt 0:00:02]} Bd6 {[%emt 0:00:22]} 19. Nxd6 {[%emt 0:00:06]} cxd6 {[%emt 0:00:03]} 20. Rf1 {[%emt 0:00:01]} f5 {[%emt 0:00:10]} 21. e4 {[%emt 0:00:05]} fxe4 {[%emt 0:00:06]} 22. Rxf7+ {[%emt 0:00:03]} Kg6 {[%emt 0:00:03]} 23. Rff8 {[%emt 0:00:01]} a5 {[%emt 0:00:10]} 24. Rxc8 {[%emt 0:00:01]} Ra6 {[%emt 0:00:01]} 25. Rg8+ {[%emt 0:00:03]} Kf7 {[%emt 0:00:02]} 26. Rcf8+ {[%emt 0:00:02]} Ke7 {[%emt 0:00:03]} 27. Re8+ {[%emt 0:00:01]} Kf7 {[%emt 0:00:02]} 28. Kd2 {[%emt 0:00:01]} Rb6 {[%emt 0:00:06]} 29. b3 {[%emt 0:00:01]} d5 {[%emt 0:00:06]} 30. Ke3 {[%emt 0:00:01]} a4 {[%emt 0:00:06]} 31. Rgf8+ {[%emt 0:00:02]} Kg7 {[%emt 0:00:02]} 32. Rf5 {[%emt 0:00:03]} Rb5 {[%emt 0:00:08]} 33. Rd8 {[%emt 0:00:04]} d4+ {[%emt 0:00:06]} 34. Kxe4 {[%emt 0:00:04]} Rb6 {[%emt 0:00:04]} 35. Rxd4 {[%emt 0:00:03]} Re6+ {[%emt 0:00:03]} 36. Re5 {[%emt 0:00:01]} Rf6 {[%emt 0:00:01]} 37. Rxa4 {[%emt 0:00:04]} Rc6 {[%emt 0:00:06]} 38. c4 {[%emt 0:00:02]} Rg6 {[%emt 0:00:02]} 39. c5 {[%emt 0:00:06]} Rxg2 {[%emt 0:00:04]} 40. Re7+ {[%emt 0:00:01]} Kf6 {[%emt 0:00:03]} 41. Rxb7 {[%emt 0:00:01]} Re2+ {[%emt 0:00:03]} 42. Kd3 {[%emt 0:00:02]} Rxh2 {[%emt 0:00:01]} 43. c6 {[%emt 0:00:01]} Rh3+ {[%emt 0:00:03]} 44. Kc4 {[%emt 0:00:03]} Rh4+ {[%emt 0:00:01]} 45. Kc5 {[%emt 0:00:01]} Rh5+ {[%emt 0:00:01]} 46. Kd6 {[%emt 0:00:01]} Rh2 {[%emt 0:00:11]} 47. c7 {[%emt 0:00:02]} Rd2+ {[%emt 0:00:03]} 48. Kc6 {[%emt 0:00:03]} Rc2+ {[%emt 0:00:02]} 49. Kd7 {[%emt 0:00:01]} Rd2+ {[%emt 0:00:01]} 50. Kc8 {[%emt 0:00:01]} Ke7 {[%emt 0:00:03]} 51. Kb8 {[%emt 0:00:01]} Rc2 {[%emt 0:00:25]} 52. c8=Q+ {[%emt 0:00:03]} Kd6 {[%emt 0:00:13]} 53. Ra6+ {[%emt 0:00:02]} Kd5 {[%emt 0:00:04]} 54. Rb5+ {[%emt 0:00:01]} Ke4 {[%emt 0:00:02]} 55. Qxc2+ {[%emt 0:00:03]} Ke3 {[%emt 0:00:08]} 56. Re6+ {[%emt 0:00:01]} Kd4 {[%emt 0:00:02]} 57. Rc5 {[%emt 0:00:03]} h5 {[%emt 0:00:04]} 58. Qc3# {[%emt 0:00:02] Mate Mate} 1-0

[Event "U12 Blitz"]
[Site "austriaU12b"]
[Date "2020.12.11"]
[Round "3"]
[White "Peter Balint"]
[Black "Robert_III"]
[Result "1-0"]
[WhiteElo "1775"]
[BlackElo "1620"]
[Annotator "NA RC"]
[PlyCount "55"]
[EventDate "2020.12.11"]
[EventType "blitz"]

1. e4 {[%emt 0:00:05]} c5 {[%emt 0:00:02]} 2. Nf3 {[%emt 0:00:02]} e6 {[%emt 0:00:01]} 3. d4 {[%emt 0:00:01]} cxd4 {[%emt 0:00:01]} 4. Nxd4 {[%emt 0:00:01]} Nf6 {[%emt 0:00:02]} 5. Nc3 {[%emt 0:00:01]} Nc6 {[%emt 0:00:03]} 6. Nxc6 {[%emt 0:00:03]} bxc6 {[%emt 0:00:02]} 7. e5 {[%emt 0:00:00]} Nd5 {[%emt 0:00:04]} 8. Ne4 {[%emt 0:00:01]} Qc7 {[%emt 0:00:08]} 9. f4 {[%emt 0:00:02]} a5 {[%emt 0:00:13]} 10. c4 {[%emt 0:00:07]} Bb4+ {[%emt 0:00:20]} 11. Ke2 {[%emt 0:00:16]} Ba6 {[%emt 0:00:04]} 12. Kf3 {[%emt 0:00:02]} f5 {[%emt 0:00:23]} 13. Nd6+ {[%emt 0:00:15]} Bxd6 {[%emt 0:00:13]} 14. exd6 {[%emt 0:00:01]} Qxd6 {[%emt 0:00:01]} 15. cxd5 {[%emt 0:00:01]} cxd5 {[%emt 0:00:16]} 16. Bxa6 {[%emt 0:00:02]} Rxa6 {[%emt 0:00:02]} 17. Re1 {[%emt 0:00:04]} g5 {[%emt 0:00:08]} 18. Kf2 {[%emt 0:00:05]} gxf4 {[%emt 0:00:04]} 19. Qd3 {[%emt 0:00:10]} Rc6 {[%emt 0:00:07]} 20. Qd4 {[%emt 0:00:07]} Rg8 {[%emt 0:00:05]} 21. Bxf4 {[%emt 0:00:01]} Rc2+ {[%emt 0:00:04]} 22. Re2 {[%emt 0:00:31]} Rxg2+ {[%emt 0:00:13]} 23. Kxg2 {[%emt 0:00:07]} Rxe2+ {[%emt 0:00:01]} 24. Kf3 {[%emt 0:00:01]} Qa6 {[%emt 0:00:07]} 25. Qh8+ {[%emt 0:00:01]} Ke7 {[%emt 0:00:02]} 26. Bg5+ {[%emt 0:00:09]} Kd6 {[%emt 0:00:02]} 27. Qb8+ {[%emt 0:00:01]} Kc6 {[%emt 0:00:05]} 28. Rc1+ {[%emt 0:00:01] Robert_III resigns} 1-0

[Event "U12 Blitz"]
[Site "austriaU12b"]
[Date "2020.12.11"]
[Round "3"]
[White "Engal"]
[Black "Junglespeed"]
[Result "1-0"]
[WhiteElo "1735"]
[BlackElo "1583"]
[Annotator "NA RC"]
[PlyCount "143"]
[EventDate "2020.12.11"]
[EventType "blitz"]

1. e4 {[%emt 0:00:07]} e5 {[%emt 0:00:02]} 2. Nf3 {[%emt 0:00:02]} Nc6 {[%emt 0:00:01]} 3. d4 {[%emt 0:00:02]} exd4 {[%emt 0:00:02]} 4. Bc4 {[%emt 0:00:02]} Nf6 {[%emt 0:00:02]} 5. e5 {[%emt 0:00:02]} Ne4 {[%emt 0:00:03]} 6. Qe2 {[%emt 0:00:03]} Nc5 {[%emt 0:00:06]} 7. O-O {[%emt 0:00:07]} Be7 {[%emt 0:00:02]} 8. Rd1 {[%emt 0:00:03]} O-O {[%emt 0:00:03]} 9. Nxd4 {[%emt 0:00:29]} d5 {[%emt 0:00:09]} 10. Nxc6 {[%emt 0:00:28]} bxc6 {[%emt 0:00:02]} 11. Be3 {[%emt 0:00:07]} Bd7 {[%emt 0:00:13]} 12. Bb3 {[%emt 0:00:15]} Nxb3 {[%emt 0:00:03]} 13. axb3 {[%emt 0:00:00]} Be6 {[%emt 0:00:07]} 14. Nc3 {[%emt 0:00:08]} c5 {[%emt 0:00:08]} 15. Qb5 {[%emt 0:00:08]} d4 {[%emt 0:00:06]} 16. Ne2 {[%emt 0:00:25]} Bd7 {[%emt 0:00:09]} 17. Qd3 {[%emt 0:00:15]} dxe3 {[%emt 0:00:28]} 18. Qxd7 {[%emt 0:00:03]} exf2+ {[%emt 0:00:05]} 19. Kxf2 {[%emt 0:00:00]} Re8 {[%emt 0:00:11]} 20. Nc3 {[%emt 0:00:34]} Bg5 {[%emt 0:00:11]} 21. Ne4 {[%emt 0:00:04]} Rxe5 {[%emt 0:00:12]} 22. Qxd8+ {[%emt 0:00:02]} Bxd8 {[%emt 0:00:12]} 23. Kf3 {[%emt 0:00:09]} Bg5 {[%emt 0:00:10]} 24. Nxg5 {[%emt 0:00:03]} Rxg5 {[%emt 0:00:02]} 25. Rxa7 {[%emt 0:00:03]} Re8 {[%emt 0:00:04]} 26. Rxc7 {[%emt 0:00:03]} Rf5+ {[%emt 0:00:02]} 27. Kg4 {[%emt 0:00:02]} Rf2 {[%emt 0:00:08]} 28. Kg3 {[%emt 0:00:03]} Rxc2 {[%emt 0:00:02]} 29. Rdd7 {[%emt 0:00:01]} Rxb2 {[%emt 0:00:03]} 30. Rxf7 {[%emt 0:00:01]} Rxb3+ {[%emt 0:00:01]} 31. Kf2 {[%emt 0:00:01]} Rb2+ {[%emt 0:00:04]} 32. Kf3 {[%emt 0:00:04]} Rb3+ {[%emt 0:00:02]} 33. Kf2 {[%emt 0:00:00]} Rbe3 {[%emt 0:00:13]} 34. Rxg7+ {[%emt 0:00:02]} Kh8 {[%emt 0:00:03]} 35. Rxh7+ {[%emt 0:00:01]} Kg8 {[%emt 0:00:02]} 36. Rcg7+ {[%emt 0:00:02]} Kf8 {[%emt 0:00:01]} 37. Rf7+ {[%emt 0:00:07]} Kg8 {[%emt 0:00:01]} 38. Rfg7+ {[%emt 0:00:01]} Kf8 {[%emt 0:00:06]} 39. Rc7 {[%emt 0:00:01]} Re2+ {[%emt 0:00:04]} 40. Kf3 {[%emt 0:00:02]} R8e3+ {[%emt 0:00:02]} 41. Kf4 {[%emt 0:00:01]} Re4+ {[%emt 0:00:01]} 42. Kf5 {[%emt 0:00:03]} Re5+ {[%emt 0:00:02]} 43. Kf6 {[%emt 0:00:02]} Re6+ {[%emt 0:00:05]} 44. Kf5 {[%emt 0:00:01]} R2e5+ {[%emt 0:00:02]} 45. Kf4 {[%emt 0:00:03]} Re4+ {[%emt 0:00:04]} 46. Kg3 {[%emt 0:00:03]} Re3+ {[%emt 0:00:02]} 47. Kh4 {[%emt 0:00:03]} R6e4+ {[%emt 0:00:04]} 48. g4 {[%emt 0:00:01]} Re7 {[%emt 0:00:13]} 49. Rhxe7 {[%emt 0:00:07]} Rxe7 {[%emt 0:00:02]} 50. Rxc5 {[%emt 0:00:00]} Rh7+ {[%emt 0:00:02]} 51. Kg3 {[%emt 0:00:01]} Kf7 {[%emt 0:00:03]} 52. Rf5+ {[%emt 0:00:01]} Kg6 {[%emt 0:00:01]} 53. h4 {[%emt 0:00:00]} Re7 {[%emt 0:00:03]} 54. Kf4 {[%emt 0:00:02]} Rh7 {[%emt 0:00:03]} 55. h5+ {[%emt 0:00:02]} Kg7 {[%emt 0:00:02]} 56. Rg5+ {[%emt 0:00:02]} Kf6 {[%emt 0:00:03]} 57. Rg6+ {[%emt 0:00:01]} Kf7 {[%emt 0:00:02]} 58. Kf5 {[%emt 0:00:04]} Rh8 {[%emt 0:00:09]} 59. h6 {[%emt 0:00:01]} Rf8 {[%emt 0:00:02]} 60. Rg7+ {[%emt 0:00:04]} Ke8+ {[%emt 0:00:01]} 61. Ke6 {[%emt 0:00:02]} Rh8 {[%emt 0:00:02]} 62. h7 {[%emt 0:00:01]} Kf8 {[%emt 0:00:03]} 63. Rg8+ {[%emt 0:00:05]} Rxg8 {[%emt 0:00:01]} 64. hxg8=Q+ {[%emt 0:00:00]} Kxg8 {[%emt 0:00:00] .} 65. Kf6 {[%emt 0:00:01]} Kh7 {[%emt 0:00:01]} 66. g5 {[%emt 0:00:04]} Kg8 {[%emt 0:00:01]} 67. Kg6 {[%emt 0:00:01]} Kh8 {[%emt 0:00:03]} 68. Kf7 {[%emt 0:00:03]} Kh7 {[%emt 0:00:01]} 69. g6+ {[%emt 0:00:01]} Kh8 {[%emt 0:00:01]} 70. g7+ {[%emt 0:00:01]} Kh7 {[%emt 0:00:01]} 71. g8=Q+ {[%emt 0:00:01]} Kh6 {[%emt 0:00:02]} 72. Qg6# {[%emt 0:00:00] Mate Mate} 1-0

[Event "U12 Blitz"]
[Site "austriaU12b"]
[Date "2020.12.11"]
[Round "3"]
[White "mario1325"]
[Black "Pernerstorfer_Leo"]
[Result "0-1"]
[WhiteElo "1672"]
[BlackElo "1475"]
[Annotator "NA RC"]
[PlyCount "106"]
[EventDate "2020.12.11"]
[EventType "blitz"]

1. d4 {[%emt 0:00:04]} Nf6 {[%emt 0:00:06]} 2. Nc3 {[%emt 0:00:01]} e6 {[%emt 0:00:02]} 3. Nf3 {[%emt 0:00:03]} d5 {[%emt 0:00:01]} 4. Bg5 {[%emt 0:00:01]} Nc6 {[%emt 0:00:03]} 5. Bxf6 {[%emt 0:00:02]} Qxf6 {[%emt 0:00:01]} 6. e3 {[%emt 0:00:00]} Bd6 {[%emt 0:00:02]} 7. Bb5 {[%emt 0:00:02]} Bd7 {[%emt 0:00:02]} 8. Bxc6 {[%emt 0:00:01]} Bxc6 {[%emt 0:00:00]} 9. O-O {[%emt 0:00:01]} Qg6 {[%emt 0:00:02]} 10. Ne5 {[%emt 0:00:08]} Bxe5 {[%emt 0:00:04]} 11. dxe5 {[%emt 0:00:01]} d4 {[%emt 0:00:01]} 12. f3 {[%emt 0:00:12]} dxc3 {[%emt 0:00:03]} 13. bxc3 {[%emt 0:00:04]} O-O {[%emt 0:00:02]} 14. e4 {[%emt 0:00:04]} Bb5 {[%emt 0:00:03]} 15. Rf2 {[%emt 0:00:04]} Qg5 {[%emt 0:00:01]} 16. Rb1 {[%emt 0:00:11]} Qxe5 {[%emt 0:00:00]} 17. f4 {[%emt 0:00:13]} Qc5 {[%emt 0:00:24]} 18. Qf3 {[%emt 0:00:26]} Bc6 {[%emt 0:00:13]} 19. Qg3 {[%emt 0:00:35]} Bxe4 {[%emt 0:00:12]} 20. a4 {[%emt 0:00:10]} b6 {[%emt 0:00:05]} 21. Rb5 {[%emt 0:00:02]} Qc6 {[%emt 0:00:10]} 22. Rg5 {[%emt 0:00:10]} Bg6 {[%emt 0:00:01]} 23. f5 {[%emt 0:00:05]} exf5 {[%emt 0:00:07]} 24. h4 {[%emt 0:00:24]} h6 {[%emt 0:00:05]} 25. Rxg6 {[%emt 0:00:04]} Qxg6 {[%emt 0:00:07]} 26. Qxc7 {[%emt 0:00:08]} Rfc8 {[%emt 0:00:08]} 27. Qb7 {[%emt 0:00:11] mario1325 offers a draw} Qf6 {[%emt 0:00:08]} 28. Rd2 {[%emt 0:00:14]} Qxc3 {[%emt 0:00:14]} 29. Rd7 {[%emt 0:00:02]} Qc5+ {[%emt 0:00:05]} 30. Kh1 {[%emt 0:00:03]} Qf8 {[%emt 0:00:04]} 31. Kg1 {[%emt 0:00:03]} Rcb8 {[%emt 0:00:05]} 32. Qc7 {[%emt 0:00:01]} Rc8 {[%emt 0:00:01]} 33. Qd6 {[%emt 0:00:01]} Qxd6 {[%emt 0:00:03]} 34. Rxd6 {[%emt 0:00:01]} Rxc2 {[%emt 0:00:03]} 35. Rd7 {[%emt 0:00:01]} Ra2 {[%emt 0:00:02]} 36. Kh2 {[%emt 0:00:01]} Rxa4 {[%emt 0:00:01]} 37. Rb7 {[%emt 0:00:01]} Rxh4+ {[%emt 0:00:02]} 38. Kg3 {[%emt 0:00:02]} Rg4+ {[%emt 0:00:01]} 39. Kf3 {[%emt 0:00:01]} a5 {[%emt 0:00:02]} 40. g3 {[%emt 0:00:01]} a4 {[%emt 0:00:02]} 41. Rxb6 {[%emt 0:00:01]} a3 {[%emt 0:00:01]} 42. Rb1 {[%emt 0:00:01]} a2 {[%emt 0:00:01]} 43. Ra1 {[%emt 0:00:01]} Rb4 {[%emt 0:00:01]} 44. g4 {[%emt 0:00:03]} Rb1 {[%emt 0:00:01]} 45. Rxa2 {[%emt 0:00:01]} Rxa2 {[%emt 0:00:02]} 46. gxf5 {[%emt 0:00:00]} Rf1+ {[%emt 0:00:02]} 47. Ke4 {[%emt 0:00:01]} Ra5 {[%emt 0:00:03]} 48. Kd4 {[%emt 0:00:01]} Rf4+ {[%emt 0:00:02]} 49. Ke3 {[%emt 0:00:01]} Rh4 {[%emt 0:00:01]} 50. Kd3 {[%emt 0:00:01]} Ra3+ {[%emt 0:00:01]} 51. Kc2 {[%emt 0:00:00]} Rh2+ {[%emt 0:00:02]} 52. Kb1 {[%emt 0:00:00]} Rg3 {[%emt 0:00:02]} 53. Ka1 {[%emt 0:00:35]} Rg1# {[%emt 0:00:00] Mate Mate} 0-1

[Event "U12 Blitz"]
[Site "austriaU12b"]
[Date "2020.12.11"]
[Round "3"]
[White "Wimmer Michael"]
[Black "Roehrer Moritz"]
[Result "1-0"]
[WhiteElo "1666"]
[BlackElo "1660"]
[Annotator "NA RC"]
[PlyCount "87"]
[EventDate "2020.12.11"]
[EventType "blitz"]

1. e4 {[%emt 0:00:04]} e6 {[%emt 0:00:01]} 2. d4 {[%emt 0:00:02]} d5 {[%emt 0:00:01]} 3. Nd2 {[%emt 0:00:02]} c5 {[%emt 0:00:05]} 4. exd5 {[%emt 0:00:02]} Qxd5 {[%emt 0:00:02]} 5. Ngf3 {[%emt 0:00:08]} cxd4 {[%emt 0:00:04]} 6. Bc4 {[%emt 0:00:05]} Qd8 {[%emt 0:00:05]} 7. Nb3 {[%emt 0:00:07]} Nc6 {[%emt 0:00:02]} 8. Nbxd4 {[%emt 0:00:13]} Nxd4 {[%emt 0:00:05]} 9. Nxd4 {[%emt 0:00:04]} Nf6 {[%emt 0:00:01]} 10. O-O {[%emt 0:00:06]} Bc5 {[%emt 0:00:04]} 11. Be3 {[%emt 0:00:10]} Bb6 {[%emt 0:00:07]} 12. c3 {[%emt 0:00:10]} O-O {[%emt 0:00:07]} 13. Qe2 {[%emt 0:00:19]} Qe7 {[%emt 0:00:08]} 14. Rad1 {[%emt 0:00:07]} e5 {[%emt 0:00:02]} 15. Nf3 {[%emt 0:00:08]} Bxe3 {[%emt 0:00:06]} 16. Qxe3 {[%emt 0:00:03]} Bf5 {[%emt 0:00:05]} 17. Qxe5 {[%emt 0:00:07]} Qxe5 {[%emt 0:00:02]} 18. Nxe5 {[%emt 0:00:01]} Rae8 {[%emt 0:00:06]} 19. f4 {[%emt 0:00:12]} Ng4 {[%emt 0:00:08]} 20. Rfe1 {[%emt 0:00:17]} Nxe5 {[%emt 0:00:08]} 21. Rxe5 {[%emt 0:00:03]} Bg4 {[%emt 0:00:02]} 22. Rde1 {[%emt 0:00:07]} Rxe5 {[%emt 0:00:02]} 23. Rxe5 {[%emt 0:00:02]} Rd8 {[%emt 0:00:06]} 24. Kf2 {[%emt 0:00:14]} h5 {[%emt 0:00:06]} 25. h3 {[%emt 0:00:08]} Bd1 {[%emt 0:00:08]} 26. Ke3 {[%emt 0:00:15]} Ba4 {[%emt 0:00:06]} 27. Re7 {[%emt 0:00:08]} Rd7 {[%emt 0:00:20]} 28. Re5 {[%emt 0:00:22]} g6 {[%emt 0:00:06]} 29. b3 {[%emt 0:00:04]} Bc6 {[%emt 0:00:02]} 30. g4 {[%emt 0:00:02]} hxg4 {[%emt 0:00:04]} 31. hxg4 {[%emt 0:00:00]} Rd1 {[%emt 0:00:04]} 32. f5 {[%emt 0:00:05]} Re1+ {[%emt 0:00:02]} 33. Kf4 {[%emt 0:00:01]} g5+ {[%emt 0:00:05]} 34. Kxg5 {[%emt 0:00:04]} Rxe5 {[%emt 0:00:02]} 35. Kf4 {[%emt 0:00:01]} Re1 {[%emt 0:00:02]} 36. Kg5 {[%emt 0:00:02]} Ra1 {[%emt 0:00:02]} 37. f6 {[%emt 0:00:02]} Rxa2 {[%emt 0:00:03]} 38. Kh6 {[%emt 0:00:03]} Rc2 {[%emt 0:00:03]} 39. g5 {[%emt 0:00:01]} Rxc3 {[%emt 0:00:03]} 40. g6 {[%emt 0:00:02]} b5 {[%emt 0:00:07]} 41. Bxf7+ {[%emt 0:00:04]} Kf8 {[%emt 0:00:03]} 42. Be6 {[%emt 0:00:03]} Rc1 {[%emt 0:00:04]} 43. g7+ {[%emt 0:00:01]} Ke8 {[%emt 0:00:04]} 44. g8=Q# {[%emt 0:00:01] Mate Mate} 1-0